| 000 | 00385nam a22001097a 4500 | ||
|---|---|---|---|
| 082 | _a220 PRO | ||
| 245 | _aPR-SOF-1923-A Microcontroller Based Car Safety System Using Driver Drowsiness Detection And Data Acquisition | ||
| 260 |
_aISLAMABAD _bNUST COLLEGE OF EME _c2020 |
||
| 650 | _aDE-COMP-38 | ||
| 700 |
_aGC Mobeen Akram GC M. Jamil Mustafa GC Ch. Ajlal Haider _973059 |
||
| 942 | _cCR | ||
| 999 |
_c578944 _d578944 |
||